Film col maggior incasso per ogni anno in Italia - Statistics

Statistiche generali
  • Questo quiz è stato fatto 34 volte
    14 dall'ultimo reset
  • Il punteggio medio è 20 su 71
Statistiche sulle risposte
Incasso (miliardi di lire) Incasso (milioni di euro) Stagione Regia Film % Corretto
- 46,201 2020 Checco Zalone Tolo Tolo
100%
- 68,676 2010 James Cameron Avatar
86%
- 44,798 2022 James Cameron Avatar - La via dell'acqua
86%
10,000 - 1972-73 Francis Ford Coppola Il padrino
86%
- 65,366 2016 Gennaro Nunziante Quo vado?
86%
- 51,936 2013 Gennaro Nunziante Sole a catinelle
86%
81,000 - 1997-98 James Cameron Titanic
86%
- 43,474 2011 Gennaro Nunziante Che bella giornata
79%
77,000 - 1996-97 Leonardo Pieraccioni Il ciclone
79%
60,000 - 1998-99 Aldo, Giovanni e Giacomo e Massimo Venier Così è la vita
71%
30,000 - 1982-83 Steven Spielberg E.T. l'extra-terrestre
71%
2,271 - 1959-60 Federico Fellini La dolce vita
71%
75,000 - 2000-01 Aldo, Giovanni e Giacomo e Massimo Venier Chiedimi se sono felice
64%
- 23,559 2006-07 Neri Parenti Natale a New York
64%
22,183 - 1990-91 Kevin Costner Balla coi lupi
57%
15,000 - 1984-85 Massimo Troisi e Roberto Benigni Non ci resta che piangere
57%
30,000 - 1995-96 Carlo Verdone Viaggi di nozze
57%
- 27,178 2012 Luca Miniero Benvenuti al Nord
50%
9,000 - 1977-78 George Lucas Guerre stellari
50%
2,323 - 1963-64 Luchino Visconti Il Gattopardo
50%
35,000 - 1994-95 Roberto Benigni Il mostro
50%
- 24,954 2003-04 Leonardo Pieraccioni Il paradiso all'improvviso
50%
- 28,296 2002-03 Neri Parenti Natale sul Nilo
50%
7,572 - 1975-76 Mario Monicelli Amici miei
43%
- 28,678 2005-06 Ron Howard Il codice da Vinci
43%
42,000 - 1991-92 Roberto Benigni Johnny Stecchino
43%
- 23,462 2007-08 Neri Parenti Natale in crociera
43%
15,000 - 1980-81 Massimo Troisi Ricomincio da tre
43%
- 25,551 2015 J. J. Abrams Star Wars: Il risveglio della Forza
36%
- 27,178 2001-02 Chris Columbus Harry Potter e la pietra filosofale
29%
3,996 - 1970-71 Nino Manfredi Per grazia ricevuta
29%
17,300 - 1987-88 Bernardo Bertolucci L'ultimo imperatore
21%
- 36,895 2023 Greta Gerwig C'è ancora domani
14%
5,072 - 1974-75 Luciano Salce Fantozzi
14%
2,500 - 1960-61 William Wyler Ben-Hur
7%
51,000 - 1993-94 Steven Spielberg Jurassic Park
7%
3,492 - 1965-66 Sergio Leone Per qualche dollaro in più
7%
- 24,939 2021 Jon Watts Spider-Man: No Way Home
7%
3,500 - 1964-65 Guy Hamilton Agente 007 - Missione Goldfinger
0%
6,443 - 1973-74 Marcello Fondato ...altrimenti ci arrabbiamo!
0%
- 29,079 2018 Bryan Singer Bohemian Rhapsody
0%
22,500 - 1988-89 Robert Zemeckis Chi ha incastrato Roger Rabbit
0%
2,200 - 1962-63 Joseph L. Mankiewicz Cleopatra
0%
3,996 - 1971-72 Enzo Barboni ...continuavano a chiamarlo Trinità
0%
2,100 - 1961-62 Anthony Mann El Cid
0%
9,000 - 1983-84 Adrian Lyne Flashdance
0%
8,000 - 1978-79 Randal Kleiser Grease
0%
2,370 - 1956-57 King Vidor Guerra e pace
0%
2,400 - 1967-68 Erich F. Bender Helga
0%
2,500 - 1957-58 Cecil B. De Mille I dieci comandamenti
0%
6,000 - 1966-67 David Lean Il dottor Živago
0%
21,273 - 1986-87 Jean-Jacques Annaud Il nome della rosa
0%
- 37,515 2019 Jon Favreau Il re leone
0%
17,278 - 1989-90 Steven Spielberg Indiana Jones e l'ultima crociata
0%
12,000 - 1981-82 Castellano e Pipolo Innamorato pazzo
0%
- 46,531 2024 Kelsey Mann Inside Out 2
0%
7,000 - 1976-77 John Guillermin King Kong
0%
3,377 - 1979-80 Robert Benton Kramer contro Kramer
0%
42,000 - 1992-93 Gary Trousdale e Kirk Wise La bella e la bestia
0%
- 20,508 2017 Bill Condon La bella e la bestia
0%
1,900 - 1955-56 Henry King L'amore è una cosa meravigliosa
0%
1,750 - 1958-59 Alberto Lattuada La tempesta
0%
- 21,113 2025 Dean Fleischer Camp Lilo & Stitch
0%
- 25,092 2008-09 Eric Darnell e Tom McGrath Madagascar 2
0%
- 14,025 2014 Robert Stromberg Maleficent
0%
3,218[ - 1969-70 Luigi Magni Nell'anno del Signore
0%
24,000 - 1985-86 George Pan Cosmatos Rambo 2 - La vendetta
0%
3,073 - 1968-69 Pietro Germi Serafino
0%
40,000 - 1999-00 Garry Marshall Se scappi, ti sposo
0%
- 20,854 2004-05 Andrew Adamson, Kelly Asbury e Conrad Vernon Shrek 2
0%
1,805 - 1954-55 Mario Camerini Ulisse
0%
Nessun quiz corrispondente trovato
Distribuzione punteggi
Percentuale di utenti per punteggio
Percentile per numero di risposta
I tuoi punteggi nel tempo
Non hai fatto questo quiz dall'ultimo reset